| 000 | 00425nam a2200181Ia 4500 | ||
|---|---|---|---|
| 008 | 090124s9999 xx 000 0 und d | ||
| 082 | _b1743 | ||
| 100 | _aGORDON CHILDE V. | ||
| 245 | _aMAN MAKE HIMSELF | ||
| 250 | _a1 | ||
| 260 |
_bWATTS AND CO. _c1937 |
||
| 300 | _a274 | ||
| 600 | _aGORDON CHILDE V. | ||
| 630 | _aMAN MAKE HIMSELF | ||
| 700 | _aGORDON CHILDE V. | ||
| 730 | _aMAN MAKE HIMSELF | ||
| 942 | _cBOOK | ||
| 999 |
_c82095 _d82095 |
||